Feminismo en el Islam: convergencias laicas y religiosas
Salvato in:
| Autore principale: | |
|---|---|
| Natura: | Libro |
| Lingua: | spagnolo |
| Pubblicazione: |
Madrid
Cátedra
2012
|
| Edizione: | 1a. ed |
| Serie: | Feminismos
|
| Soggetti: | |
| Tags: |
Aggiungi Tag
Nessun Tag, puoi essere il primo ad aggiungerne!!
|
MARC
| LEADER | 00000cam a2200000 a 4500 | ||
|---|---|---|---|
| 001 | UCC5940 | ||
| 003 | CL-VaPUC | ||
| 008 | 181109e20120000sp |||||||||||||||||spa|d | ||
| 020 | |a 9788437630083 | ||
| 082 | 0 | 4 | |a 297 |b BAD |2 21 |
| 100 | 0 | |a Badran, Margot |e author |9 600379 | |
| 245 | 1 | 0 | |a Feminismo en el Islam: convergencias laicas y religiosas |
| 250 | |a 1a. ed | ||
| 300 | |a 517 p | ||
| 942 | |c BK | ||
| 945 | |d 20181109 15:19:00 |a dcastane | ||
| 260 | |a Madrid |b Cátedra |c 2012 | ||
| 650 | 0 | |a Islamismo |9 314084 | |
| 650 | 0 | |a Feminismo |9 259085 | |
| 650 | 0 | |a Musulmanes |9 332296 | |
| 650 | 7 | |a MUJERES DISCRIMINADAS |2 CL-VaPUC |9 600380 | |
| 650 | 0 | |a Mujeres y religión |9 319387 | |
| 583 | |a last modification |c 20181109 15:19:00 |k Rodrigo Vera | ||
| 490 | 0 | |a Feminismos | |
| 999 | |c 373043 |d 373041 | ||
| 952 | |0 0 |1 0 |3 erb |4 0 |6 297_000000000000000_BAD_2012 |7 0 |8 A |9 490957 |a BIBCUR |b BIBCUR |i 5511895 |o 297 BAD 2012 |p 5511895 |r 2025-04-22 |w 2019-11-24 |y BK |z Catalogado en:20181109 |k PER | ||